000 00670nam a2200253Ia 4500
003 OSt
005 20221007082247.0
006 a|||||r|||| 00| 0
007 ta
008 221006b |||||||| |||| 00| 0 eng d
024 _a16,346
037 _cReports / Technical Reports
040 _aFLL
_cFLL
_beng
041 _2eng
_aeng
082 _aX813:8.2.N68t, K8.1
110 _aGovt. of india
245 0 _aWorking group on life insurance administation
260 _c1968
300 _a255p
_ccm.
490 _vVol.1
700 _aGovt. of india
942 _hX813:8.2.N68t, K8.1
_cREP
_2CC
999 _c1165852
_d1165852